[Event "32. Potsdamer Weihnachtsturnier"]
[Site "?"]
[Date "2007.12.29"]
[Round "5.34"]
[White "Petrak, Falk"]
[Black "Rolfes, Leon"]
[Result "1-0"]
[WhiteElo "1760"]
[BlackElo "1016"]
[PlyCount "99"]

1. Nf3 d5 2. d4 Nf6 3. c4 c6 4. Nc3 e6 5. e3 Bb4 6. Bd2 O-O 7. a3 Bd6 8. Qc2
Nbd7 9. cxd5 exd5 10. Bd3 Re8 11. O-O h6 12. Rfe1 Qc7 13. Rac1 a6 14. e4 dxe4
15. Nxe4 Nxe4 16. Bxe4 Nf6 17. Bh7+ Kh8 18. Rxe8+ Nxe8 19. Ne5 Nf6 20. Bd3 Bxe5
21. dxe5 Qxe5 22. Re1 Qd6 23. Bb4 Qd4 24. Bc3 Qd7 25. Qe2 Qe6 26. Qf3 Qd6 27.
Bxf6 gxf6 28. Re8+ Kg7 29. Rxc8 Rxc8 30. Qg4+ Kf8 31. Qxc8+ Kg7 32. Qf5 Qe5 33.
Qxe5 fxe5 34. Bf5 b6 35. g4 Kf6 36. f3 Ke7 37. Kf2 Kd6 38. Ke3 f6 39. f4 c5 40.
fxe5+ Kxe5 41. Bc8 a5 42. Kd3 b5 43. b3 Kd5 44. Bb7+ Ke5 45. Bc6 a4 46. bxa4
bxa4 47. Bxa4 f5 48. gxf5 Kxf5 49. Kc4 Kg4 50. Bd7+ 1-0

[Event "32. Potsdamer Weihnachtsturnier"]
[Site "?"]
[Date "2007.12.29"]
[Round "3.35"]
[White "Schröder, Helge"]
[Black "Hadlich, Roland"]
[Result "1-0"]
[WhiteElo "1601"]
[BlackElo "1533"]
[PlyCount "49"]

1. e4 c5 2. f4 d6 3. Nf3 Nf6 4. Nc3 Nc6 5. Bb5 a6 6. Bxc6+ bxc6 7. d3 e6 8. O-O
g6 9. e5 Nd5 10. exd6 Bxd6 11. Ne5 Bxe5 12. fxe5 Qc7 13. Qf3 h6 14. Ne4 f5 15.
exf6 Kf7 16. Be3 Nxe3 17. Qxe3 e5 18. Qxc5 Qa7 19. Nd6+ Ke6 20. Qxa7 Rxa7 21.
Nc4 Rf8 22. Rae1 Rxf6 23. Rxe5+ Kf7 24. Nd6+ Kg7 25. Ne8+ 1-0

[Event "32. Potsdamer Weihnachtsturnier"]
[Site "?"]
[Date "2007.12.29"]
[Round "3.36"]
[White "Hoffmann, Axel"]
[Black "Roitzsch, Hans-Werner"]
[Result "1/2-1/2"]
[WhiteElo "1379"]
[BlackElo "1600"]
[PlyCount "75"]

1. e4 c5 2. Nf3 Nf6 3. Nc3 d6 4. d4 cxd4 5. Nxd4 Nc6 6. f3 Qb6 7. Nb3 e6 8. Bf4
Ne5 9. Qd2 Bd7 10. O-O-O a6 11. Bg5 Be7 12. f4 Neg4 13. Bxf6 gxf6 14. Qd4 Qxd4
15. Rxd4 Ne3 16. Nd2 O-O-O 17. g3 Nxf1 18. Rxf1 Bc6 19. Rd3 d5 20. Re1 dxe4 21.
Rxd8+ Rxd8 22. Ncxe4 f5 23. Nf2 Bb4 24. c3 Bc5 25. Nd1 b5 26. Kc2 Re8 27. b4
Bb6 28. a3 f6 29. Ne3 Bxe3 30. Rxe3 Bd5 31. Kb2 Kd7 32. Nb3 Bxb3 33. Kxb3 e5
34. a4 e4 35. axb5 axb5 36. Kc2 Kd6 37. Re1 Kd5 38. Rd1+ 1/2-1/2